000 01605cam a2200457 a 4500
001 40870
005 20230410101628.0
008 900619s1990 nyua 000 0deng
010 _a 90042004
035 _a(OCoLC)ocm22004759
040 _aDLC
_cDLC
_dBTCTA
_dBAKER
_dYDXCP
020 _a0883446820 :
_c$9.95
020 _a9780883446829
029 1 _aNLGGC
_b064372219
029 1 _aYDXCP
_b970336
029 1 _aNZ1
_b3949224
035 _a(OCoLC)22004759
041 1 _aeng
_hcpf
043 _anwht---
050 1 4 _a110 BX 4705
_bA715i 1990
082 0 0 _a282/.7294
100 1 _aAristide, Jean-Bertrand.
240 1 0 _aSelections.
_lEnglish.
_f1990
245 1 0 _aIn the parish of the poor :
_bwritings from Haiti /
_cJean-Bertrand Aristide ; translated and edited by Amy Wilentz.
260 _aMaryknoll, N.Y. :
_bOrbis Books,
_cc1990.
300 _axxiv, 112 p. :
_bill. ;
_c21 cm.
505 0 _aA letter to my brothers and sisters -- A call to holiness -- Walking in the light of Christ -- "We have come from far away" -- Let the flood descend.
600 1 0 _aAristide, Jean-Bertrand.
650 0 _aPoor
_zHaiti.
650 0 _aPersecution
_zHaiti.
610 2 0 _aCatholic Church
_vSermons.
650 0 _aSermons, French
_vTranslations into English.
650 4 _aCEH
650 4 _aColección Estudios Haitianos
700 1 _aWilentz, Amy.
938 _aBaker and Taylor
_bBTCP
_n90042004 //r91
_c$9.95
938 _aBaker & Taylor
_bBKTY
_c19.00
_d14.25
_i0883446820
_n0001791911
_sactive
938 _aYBP Library Services
_bYANK
_n970336
942 _2lcc
_cbk
994 _aC0
_bDRFGD
999 _c11212
_d11212